000 00197 a2200097 4500
001 4482
100 _aCotton
245 _aApplied electricity
260 _a
_bCleaver-Hume
_c
090 _c3680
_d3680
942 _aNUST-CAE
_cM
_c29780
999 _c239555
_d239555